| 000 | 00540 a2200241 4500 | ||
|---|---|---|---|
| 260 | _aParis | ||
| 630 | _a30 - Sciences sociales en general | ||
| 037 | _b1, CIUF | ||
| 650 | _a3 - SCIENCES SOCIALES | ||
| 100 | _aPerdijon, Jean | ||
| 260 | _bDunod | ||
| 245 | _aLa Mesure : histoire, science et philosophie | ||
| 300 | _a137p | ||
| 650 | _aMesure : science | ||
| 260 | _c2004 | ||
| 300 | _b22 cm | ||
| 100 | _lFr | ||
| 440 | _aUniverSciences | ||
| 037 | _a07/185 | ||
| 020 | _a2 10 007253 6 | ||
| 999 |
_c45548 _d45548 |
||